| 000 | 00834nam a2200277 a 4500 | ||
|---|---|---|---|
| 008 | |||
| 020 | _a9781285051086 (hbk.) | ||
| 049 | _aMAIN | ||
| 090 | 0 | 1 |
_aQA278 _bAPP |
| 245 | 1 | 0 |
_aApplied regression analysis and other multivariable methods / _cDavid G. Kleinbaum... [et al] |
| 250 | _a5th ed. | ||
| 260 |
_aBoston : _bCengage Learning _c2014. |
||
| 300 |
_axix, 1051 p. : _bill. ; _c24 cm. |
||
| 500 | _aIncludes index. | ||
| 504 | _aIncludes bibliographical references. | ||
| 650 | 0 | _aMultivariate analysis. | |
| 650 | 0 | _aRegression analysis. | |
| 700 | 1 | _aKupper, Lawrence L. | |
| 700 | _aRosenberg, Elis, S. | ||
| 700 | _aNizam Azhar. | ||
| 907 |
_a.b10386567 _b08-11-17 _c07-11-17 |
||
| 003 | |||
| 005 | 20230123122319.0 | ||
| 040 | _cNUST | ||
| 942 |
_cBOOKS _kQA278 _mAPP |
||
| 999 |
_c131501 _d131501 |
||